| 000 | 00566nam a2200145Ia 4500 | ||
|---|---|---|---|
| 008 | 190925s9999 xx 000 0 und d | ||
| 020 | _a978-0-7339-8400-6 | ||
| 100 | _aGitman, Lawrence J. | ||
| 245 |
_cGitman, Lawrence J.; Zutter, Chad J.; Juchau, Roger H.; Flanagan, Jack.-- _aPrinciples of managerial finance / |
||
| 260 |
_aFrenchs Forest, N.S.W. : _bPearson Education Australia _c2008 |
||
| 300 |
_a833 pages : _bcolor illustrations |
||
| 500 | _aIncludes appendix and index. | ||
| 650 | _aBusiness enterprises -- Finance. | ||
| 650 | _aCorporations -- Finance. | ||
| 999 |
_c362198 _d362198 |
||